000 00412nam a2200181Ia 4500
008 210210b1958 xxu||||| |||| 00| 0 eng d
041 _aeng
082 _a320/370
100 _aMAHAJAN
245 _aSelect modern governments
260 _a
_bNot Mentioned
_c1958
650 _aSelect
650 _amodern
650 _agovernments
690 _aModern Governments
700 _aOthers
906 _a003016
999 _c118349
_d118349